000 01290nam a2200169 4500
999 _c11831
_d11831
005 20230824170947.0
008 220907b xxu||||| |||| 00| 0 eng d
020 _a9789384204112
040 _cBMSCA
041 _aENG
082 _2DDC23
_a720.68
_bCOA
245 _aManual of architectural practice
_b: Guidelines for the engagement of architects and code for competitions (Vol 2)
260 _aNew Delhi
_bCouncil of Architecture
_c2022
300 _a122p.
_bHard Bound
_c28.5*21 cm
520 _aThe Manual of Architectural Practice (MAP) is a five-volume publication. Each Volume presents both: detailed explanatory discussions on a particular aspect of Architectural Practice, as well as provide quick-reference Templates and Exhibits for the actual use of each Reader.
_bThe Architects Act 1972 and the Code of Professional Conduct have also been recorded here. The various ways in which a potential Client could discover, define, gauge, compare, and finally select the most appropriate Architect that fits the requirements of their specific project is discussed in detail in Volume TWO: Guidelines for Engagement of Architects and Code for Competitions. Ready templates are also provided for conducting various formats and kinds of Competitions: Ideas, Open, Invited.
942 _2ddc